[Event "Saint Chély d'Aubrac Op"]
[Site "Saint Chély d'Aubrac"]
[Date "2004.07.20"]
[Round "5.31"]
[White "Richard, Emma"]
[Black "Lengert, Vincent"]
[Result "1/2-1/2"]
[WhiteElo "1810"]
[BlackElo "1690"]
[PlyCount "124"]
[EventDate "2004.07.??"]

1. d4 e6 2. Nf3 c5 3. c3 Nf6 4. Bf4 Nc6 5. e3 d5 6. Bd3 Qa5 7. Nbd2 c4 8. Bc2
Be7 9. h3 O-O 10. O-O b5 11. Re1 h6 12. e4 b4 13. cxb4 Bxb4 14. a3 Be7 15. exd5
Nxd5 16. Bg3 Qb6 17. Nxc4 Qb5 18. Ba4 Qxc4 19. Rc1 Qa6 20. Bxc6 Bb7 21. Bxb7
Qxb7 22. Qc2 Rfc8 23. Qd2 Rxc1 24. Rxc1 Rd8 25. Ne5 Nf6 26. Qc2 Rxd4 27. Nc6
Rd7 28. Nxe7+ Rxe7 29. Qd3 Rd7 30. Qc2 Ne4 31. Be5 Rd2 32. Qc8+ Qxc8 33. Rxc8+
Kh7 34. Rc7 f6 35. Bc3 Nxc3 36. bxc3 a5 37. Rc5 Rd5 38. Rxd5 exd5 39. Kf1 Kg6
40. Ke2 Kf5 41. Kd3 Ke6 42. Kd4 Kd6 43. c4 dxc4 44. Kxc4 Kc6 45. g4 g6 46. f4
f5 47. gxf5 gxf5 48. h4 a4 49. Kb4 Kd5 50. Kxa4 Ke4 51. Kb4 Kxf4 52. a4 Kg4 53.
a5 f4 54. a6 f3 55. a7 f2 56. a8=Q f1=Q 57. Qg8+ Kxh4 58. Qd8+ Kg4 59. Qg8+ Kh3
60. Qe6+ Kg3 61. Qxh6 Qf4+ 62. Qxf4+ Kxf4 1/2-1/2

[Event "Saint Chély d'Aubrac Op"]
[Site "Saint Chély d'Aubrac"]
[Date "2004.07.20"]
[Round "5.32"]
[White "Gazel, Bruno"]
[Black "Croux, Laurent"]
[Result "0-1"]
[WhiteElo "1520"]
[BlackElo "1770"]
[PlyCount "32"]
[EventDate "2004.07.??"]

1. e4 e5 2. Nf3 Nf6 3. Nc3 Nc6 4. d4 exd4 5. Nxd4 Bb4 6. Nxc6 bxc6 7. Bd3 O-O
8. O-O h6 9. Bd2 d6 10. h3 Be6 11. a3 Bc5 12. Re1 Bd4 13. Kh1 Ng4 14. hxg4 Qh4+
15. Kg1 Qxf2+ 16. Kh1 Qh4# 0-1

[Event "Saint Chély d'Aubrac Op"]
[Site "Saint Chély d'Aubrac"]
[Date "2004.07.20"]
[Round "5.34"]
[White "Rivier, Sylvain"]
[Black "Paci, Romain"]
[Result "1-0"]
[WhiteElo "1460"]
[BlackElo "1700"]
[PlyCount "103"]
[EventDate "2004.07.??"]

1. e4 e5 2. Nf3 Nc6 3. Bc4 Nf6 4. Nc3 Be7 5. O-O O-O 6. d4 exd4 7. Nxd4 Nxd4 8.
Qxd4 d6 9. Bg5 Nd7 10. Bxe7 Qxe7 11. Rfe1 Ne5 12. Be2 Nc6 13. Qd2 Be6 14. Nd5
Bxd5 15. exd5 Ne5 16. Rad1 Qf6 17. Qc3 Rac8 18. Qg3 Qg6 19. Qxg6 fxg6 20. Rd4
g5 21. Bg4 Nxg4 22. Rxg4 Rf5 23. c4 Kf7 24. Rge4 Rf4 25. b3 Rxe4 26. Rxe4 Re8
27. f3 Rxe4 28. fxe4 Kf6 29. Kf2 Ke5 30. Ke3 h5 31. a3 {(=)} 31... g4 32. g3 g5
33. b4 a6 34. a4 c6 35. dxc6 bxc6 36. b5 axb5 37. axb5 (37. a5 $1 $18) 37... d5
38. exd5 cxd5 39. cxd5 Kxd5 40. b6 Kc6 41. b7 Kxb7 42. Ke4 h4 43. Kf5 hxg3 44.
hxg3 Kc7 45. Kxg4 Kd7 46. Kxg5 Ke7 47. Kg6 Kf8 48. g4 Kg8 49. Kf6 Kf8 50. g5
Kg8 51. Kg6 (51. g6 $4 Kh8 $11) 51... Kh8 52. Kf7 1-0

[Event "Saint Chély d'Aubrac Op"]
[Site "Saint Chély d'Aubrac"]
[Date "2004.07.20"]
[Round "5.35"]
[White "Capron, Michel"]
[Black "De Biasi, Robert"]
[Result "0-1"]
[WhiteElo "1400"]
[BlackElo "1690"]
[PlyCount "58"]
[EventDate "2004.07.??"]

1. e4 c5 2. Nf3 d6 3. Nc3 Nf6 4. Bc4 e6 5. d4 cxd4 6. Qxd4 a6 7. Bg5 Nc6 8. Qe3
Be7 9. O-O-O O-O 10. Qf4 Qc7 11. Bxf6 Bxf6 12. Qxd6 Qa5 13. Ne2 Qb6 14. e5 Be7
15. Qd3 Qc7 16. Qe3 b5 17. Bd3 Bb7 18. c3 Nb4 19. a3 Nxd3+ 20. Rxd3 Rad8 21.
Rhd1 Bd5 22. Nf4 Bc5 23. Qe1 Bb3 24. Rxd8 Rxd8 25. Rxd8+ Qxd8 26. Nd2 Bd5 27.
Nxd5 Qxd5 28. Ne4 Qxe5 29. f3 f5 0-1

[Event "Saint Chély d'Aubrac Op"]
[Site "Saint Chély d'Aubrac"]
[Date "2004.07.20"]
[Round "5.36"]
[White "Desboeufs, Claude"]
[Black "Perrin, Yannick"]
[Result "1-0"]
[WhiteElo "1619"]
[BlackElo "1480"]
[PlyCount "41"]
[EventDate "2004.07.??"]

1. c4 e5 2. Nc3 Nc6 3. Nf3 Nf6 4. d4 exd4 5. Nxd4 Bc5 6. Nb3 Bb4 7. Qc2 O-O 8.
Bd2 Re8 9. O-O-O d6 10. f3 Be6 11. e4 a5 12. a3 Bxc3 13. Bxc3 a4 14. Nc5 b5 15.
Nxe6 Rxe6 16. cxb5 Ne5 17. Bxe5 Rxe5 18. Kb1 Qb8 19. Bd3 Qb6 20. Qc6 Rc5 21.
Qxa8+ 1-0

[Event "Saint Chély d'Aubrac Op"]
[Site "Saint Chély d'Aubrac"]
[Date "2004.07.20"]
[Round "5.37"]
[White "Dury, Renaud"]
[Black "Ruetsch, Johan"]
[Result "1-0"]
[WhiteElo "1690"]
[BlackElo "1430"]
[PlyCount "73"]
[EventDate "2004.07.??"]

1. Nf3 Nc6 2. e3 d5 3. b3 Nf6 4. Bb2 Bf5 5. Be2 g6 6. O-O Bg7 7. c4 e6 8. d4
O-O 9. Nc3 Qd6 10. Nd2 Bh6 11. Rc1 Bg5 12. f4 Bh6 13. Nf3 Ng4 14. Qd2 Rae8 15.
h3 Nf6 16. Nb5 Qd7 17. g4 Be4 18. g5 Bxf3 19. Bxf3 Bg7 20. gxf6 Bxf6 21. Ba3
Be7 22. Bxe7 Qxe7 23. cxd5 exd5 24. Rfe1 a6 25. Nc3 Qh4 26. Qg2 Nb4 27. Rcd1
Nc2 28. Qxc2 Qg3+ 29. Qg2 Qh4 30. Nxd5 c6 31. Nc3 Re7 32. Qg4 Qf6 33. Qg5 Qd6
34. Ne4 Qc7 35. Nf6+ Kg7 36. Nh5+ Kh8 37. Qf6+ 1-0

[Event "Saint Chély d'Aubrac Op"]
[Site "Saint Chély d'Aubrac"]
[Date "2004.07.20"]
[Round "5.38"]
[White "Landwerlin, Pascal"]
[Black "Carabetta, Gaetan"]
[Result "1-0"]
[WhiteElo "1499"]
[BlackElo "1300"]
[PlyCount "59"]
[EventDate "2004.07.??"]

1. e4 c6 2. d4 d5 3. e5 Bf5 4. Nd2 e6 5. a3 Nd7 6. Nb3 f6 7. f4 Be7 8. Nf3 Bg4
9. c4 Nh6 10. cxd5 cxd5 11. Bd3 Bxf3 12. Qxf3 f5 13. Qh5+ Nf7 14. Be3 Rc8 15.
Bxf5 g6 16. Bxg6 Nf8 17. Bxf7+ Kd7 18. f5 Qb6 19. Nc5+ Bxc5 20. dxc5 Qa5+ 21.
b4 Qa6 22. Bxe6+ Nxe6 23. Qf7+ Kc6 24. Qxe6+ Kc7 25. Qxa6 bxa6 26. O-O-O Rhe8
27. Bf4 Kc6 28. Rhe1 Rcd8 29. Kc2 d4 30. e6 1-0

[Event "Saint Chély d'Aubrac Op"]
[Site "Saint Chély d'Aubrac"]
[Date "2004.07.20"]
[Round "5.39"]
[White "Lagunes, Robin"]
[Black "Bou, Georges"]
[Result "1-0"]
[WhiteElo "1320"]
[BlackElo "1570"]
[PlyCount "53"]
[EventDate "2004.07.??"]

1. d4 Nf6 2. Nc3 d5 3. Nf3 e6 4. Bg5 h6 5. Bh4 Bb4 6. Qd3 g5 7. Bg3 Ne4 8. e3
Nxg3 9. hxg3 Nc6 10. O-O-O a6 11. a3 Be7 12. e4 dxe4 13. Nxe4 f5 14. Nc3 g4 15.
Nh4 Bg5+ 16. Kb1 Qf6 17. f3 O-O 18. Be2 Rd8 19. d5 Bxh4 20. Rxh4 Ne5 21. Qe3
gxf3 22. gxf3 Nf7 23. Rg1 exd5 24. g4 Qxh4 25. gxf5+ Kh8 $4 26. Nxd5 Bxf5 27.
Qc3+ 1-0

[Event "4e open Saint Chély d'Aubrac"]
[Site "Saint Chély d'Aubrac"]
[Date "2004.07.21"]
[Round "6.1"]
[White "Apicella, Manuel"]
[Black "Mrdja, Milan"]
[Result "1-0"]
[WhiteElo "2532"]
[BlackElo "2432"]
[PlyCount "79"]

1. e4 c5 2. Nf3 d6 3. d4 cxd4 4. Nxd4 Nf6 5. Nc3 Nc6 6. Be2 e5 7. Nf3 h6 8. O-O
Be7 9. Re1 O-O 10. h3 Be6 11. Bf1 Qa5 12. Bd2 Qd8 13. Bc1 Qa5 14. Bd2 Qd8 {(=)}
15. b3 Rc8 16. Bc1 Nb8 17. Bb2 a6 18. a4 Qd7 19. a5 Qc7 20. Re2 Nbd7 21. Nd5
Bxd5 22. exd5 Qd8 23. c4 Nh7 24. Rc2 Re8 25. b4 Bf8 26. Rac1 Ng5 27. Nxg5 Qxg5
28. g3 Qd8 29. h4 b6 30. axb6 Qxb6 31. Bh3 Red8 32. Qe1 Rc7 33. Ba3 Qa7 34. Qe3
Nb6 35. Bg2 Qb8 36. c5 dxc5 37. d6 Rxd6 38. bxc5 Nd5 39. cxd6 Rxc2 40. Bxd5 1-0

[Event "4e open Saint Chély d'Aubrac"]
[Site "Saint Chély d'Aubrac"]
[Date "2004.07.21"]
[Round "6.2"]
[White "Collas, Didier"]
[Black "Gaponenko, Inna"]
[Result "1/2-1/2"]
[WhiteElo "2422"]
[BlackElo "2448"]
[PlyCount "116"]

1. Nf3 d5 2. d4 e6 3. c4 Nf6 4. Nc3 Bb4 5. cxd5 exd5 6. Bg5 Nbd7 7. e3 c5 8.
Be2 Qa5 9. O-O Bxc3 10. bxc3 c4 11. Qc2 Ne4 12. Rfc1 Nb6 13. Bf4 Bd7 14. Nd2
Nxd2 15. Qxd2 O-O 16. Rab1 Bc6 17. Bd1 Na4 18. Rb4 b5 19. Bxa4 bxa4 20. Qe2
Rfe8 21. Qg4 Qd8 22. h4 Qc8 23. Qxc8 Raxc8 24. h5 h6 25. f3 f5 26. Kf2 Re7 27.
Rcb1 Kf7 28. Be5 g6 29. hxg6+ Kxg6 30. Kg3 Kg5 31. Rb8 Rxb8 32. Rxb8 Re8 33. a3
Rxb8 34. Bxb8 a6 35. Bc7 Kf6 36. Kf4 Bd7 37. Bd8+ Ke6 38. g4 fxg4 39. Kxg4 Be8
40. e4 Bg6 41. Kf4 Be8 42. Bc7 Bc6 43. Be5 h5 44. Ke3 h4 45. Bh2 h3 46. Kf4 Kf6
47. Bg3 a5 48. Bh2 Bb7 49. e5+ Kg6 50. e6 Kf6 51. Kg4 Bc8 52. Kxh3 Bxe6+ 53.
Kh4 Kg6 54. Bc7 Bd7 55. Bxa5 Bc8 56. Bc7 Bd7 57. Bd6 Bc8 58. Kg3 Kg5 1/2-1/2

[Event "4e open Saint Chély d'Aubrac"]
[Site "Saint Chély d'Aubrac"]
[Date "2004.07.21"]
[Round "6.4"]
[White "Voiska, Margarita"]
[Black "Meijers, Viesturs"]
[Result "1/2-1/2"]
[WhiteElo "2387"]
[BlackElo "2477"]
[PlyCount "138"]

1. Nf3 Nf6 2. c4 e6 3. g3 d5 4. Bg2 dxc4 5. Qa4+ Nbd7 6. Qxc4 a6 7. Qb3 c5 8.
a4 Bd6 9. d3 Rb8 10. a5 Bc7 11. Qa3 O-O 12. O-O Nd5 13. Bd2 Bd6 14. Qa2 b5 15.
axb6 Qxb6 16. Na3 Be7 17. Nc4 Qb5 18. Qb1 f6 19. Ra5 Qb7 20. Nh4 g5 21. e4 Nb4
22. e5 Qc7 23. exf6 Bxf6 24. Nf3 Nb6 25. Ra3 Nxc4 26. dxc4 g4 27. Ng5 Qg7 28.
Ne4 Bxb2 29. Rb3 Bd4 30. Be3 Bxe3 31. fxe3 Bb7 32. Nxc5 Bxg2 33. Kxg2 a5 34.
Qe4 Rxf1 35. Kxf1 Qf8+ 36. Qf4 e5 37. Qxf8+ Rxf8+ 38. Ke2 Rc8 39. Nd7 Rxc4 40.
Nxe5 Re4 41. Nd3 Kf7 42. Kd2 Kf6 43. Nxb4 Rxb4 44. Ra3 a4 45. Kc3 Re4 46. Kd3
Kf5 47. Ra1 Rb4 48. Rf1+ Kg5 49. Rf4 Rb3+ 50. Kc2 Ra3 51. Kb2 Rxe3 52. Rxa4
Re2+ 53. Kc3 Rxh2 54. Ra5+ Kg6 55. Kd3 Rf2 56. Ke4 Rf6 57. Ra3 h6 58. Rb3 h5
59. Ra3 Rf5 60. Rb3 Ra5 61. Kf4 Rf5+ 62. Ke4 Kg5 63. Rb8 Ra5 64. Rg8+ Kf6 65.
Rf8+ Kg7 66. Rb8 Rg5 67. Kf4 Rg6 68. Ra8 Kh7 69. Rb8 Rg7 {nulle au 106eme coup}
1/2-1/2

[Event "4e open Saint Chély d'Aubrac"]
[Site "Saint Chély d'Aubrac"]
[Date "2004.07.21"]
[Round "6.5"]
[White "Popchev, Milko"]
[Black "Hassler, Franck"]
[Result "1-0"]
[WhiteElo "2449"]
[BlackElo "2198"]
[PlyCount "73"]

1. d4 f5 2. g3 g6 3. Bg2 Bg7 4. c3 Nf6 5. Qb3 d5 6. Nf3 e6 7. c4 c6 8. O-O O-O
9. Bf4 h6 10. Nc3 g5 11. Be5 b6 12. Rac1 Bb7 13. cxd5 exd5 14. Qc2 Qd7 15. h4
g4 16. Ne1 Qe6 17. Nd3 Nh5 18. Bxg7 Kxg7 19. e3 Ba6 20. Rfd1 Bxd3 21. Rxd3 Qd6
22. Ne2 Rf7 23. Rc3 a5 24. Re1 Raa7 25. Nc1 Rf6 26. Nd3 Nd7 27. Rc1 Rc7 28. a3
b5 29. Nc5 Nf8 30. Nb3 b4 31. axb4 axb4 32. Rc5 Ne6 33. Rxc6 Rxc6 34. Qxc6 Qb8
35. Qd7+ Kg6 36. Rc8 Qb6 37. Qe8+ 1-0

[Event "4e open Saint Chély d'Aubrac"]
[Site "Saint Chély d'Aubrac"]
[Date "2004.07.21"]
[Round "6.6"]
[White "Seret, Jean-Luc"]
[Black "Milanovic, Dino"]
[Result "0-1"]
[WhiteElo "2351"]
[BlackElo "2149"]
[PlyCount "76"]

1. e4 c5 2. Nf3 e6 3. d3 Nc6 4. g3 g6 5. Bg2 Bg7 6. O-O Nge7 7. c3 d5 8. Re1
Qc7 9. Bf4 e5 10. exd5 exf4 11. dxc6 O-O 12. cxb7 Bxb7 13. Nbd2 Rab8 14. Nc4
Rfd8 15. Qe2 Nf5 16. Rad1 h5 17. Ng5 fxg3 18. hxg3 Bxg2 19. Kxg2 Rd5 20. Qf3
Qd8 21. Nh3 Bh6 22. Nf4 Bxf4 23. Qxf4 Rb7 24. b3 Rbd7 25. Ne5 R7d6 26. Re2 Kg7
27. Rde1 Rf6 28. Qc4 Qa8 29. Kg1 h4 30. gxh4 Rd8 31. Qe4 Qc8 32. Ng4 Nd6 33.
Qg2 Rf4 34. Nh2 Rxh4 35. Nf1 Rdh8 36. Ng3 g5 37. Re4 Rh3 38. Re8 $4 Rxg3 0-1

[Event "4e open Saint Chély d'Aubrac"]
[Site "Saint Chély d'Aubrac"]
[Date "2004.07.21"]
[Round "6.7"]
[White "Olivier, Pierre"]
[Black "Collas, Silvia"]
[Result "1/2-1/2"]
[WhiteElo "2224"]
[BlackElo "2344"]
[PlyCount "32"]

1. Nf3 c5 2. c4 b6 3. d4 cxd4 4. Nxd4 Bb7 5. Nc3 Nf6 6. f3 d6 7. e4 Nbd7 8. Be3
a6 9. Be2 e6 10. O-O Be7 11. Rc1 O-O 12. Qd2 Rc8 13. Rfd1 Qc7 14. a3 Rfe8 15.
b4 Qb8 16. Nb3 Bf8 1/2-1/2

[Event "4e open Saint Chély d'Aubrac"]
[Site "Saint Chély d'Aubrac"]
[Date "2004.07.21"]
[Round "6.8"]
[White "Mullon, Jean-Baptiste"]
[Black "Uhoda, Philippe"]
[Result "1-0"]
[WhiteElo "2327"]
[BlackElo "2140"]
[PlyCount "61"]

1. e4 d6 2. d4 Nf6 3. Nc3 g6 4. Be3 c6 5. Nf3 Nbd7 6. Qd2 b5 7. Bd3 Bb7 8. e5
b4 9. Ne2 Nd5 10. e6 fxe6 11. Nf4 Nxf4 12. Bxf4 c5 13. Ng5 Bd5 14. dxc5 Bg7 15.
Nxh7 Qa5 16. Bxg6+ Kd8 17. cxd6 exd6 18. O-O Bxb2 19. Bxd6 Bxa1 20. Rxa1 Rg8
21. Bxb4 Qa6 22. Qg5+ Kc8 23. Nf6 Nxf6 24. Qxf6 Qc6 25. Qf7 Rd8 26. Ba5 Rd7 27.
Qf8+ Kb7 28. Rb1+ Ka6 29. Bd3+ Bc4 30. Qa3 Rxd3 31. Bc3+ 1-0

[Event "4e open Saint Chély d'Aubrac"]
[Site "Saint Chély d'Aubrac"]
[Date "2004.07.21"]
[Round "6.9"]
[White "Hennemann, Xavier"]
[Black "Pucher, Olivier"]
[Result "0-1"]
[WhiteElo "2104"]
[BlackElo "2294"]
[PlyCount "92"]

1. e4 c5 2. Nf3 Nc6 3. d4 cxd4 4. Nxd4 Nf6 5. Nc3 e5 6. Ndb5 d6 7. Bg5 a6 8.
Na3 b5 9. Nd5 Qa5+ 10. Bd2 Qd8 11. Bg5 Be7 12. Bxf6 Bxf6 13. c3 Ne7 14. Nxf6+
gxf6 15. Bd3 Bb7 16. Qe2 d5 17. O-O-O Qb6 18. Nc2 O-O-O 19. Kb1 Rhg8 20. g3 f5
21. f3 dxe4 22. fxe4 f4 23. gxf4 exf4 24. Rhf1 Ng6 25. Nd4 b4 26. Nf5 bxc3 27.
b3 Rge8 28. Bc2 Kb8 29. Rxd8+ Rxd8 30. Qc4 Qa5 31. Rf3 Rc8 32. Qd4 Qc5 33. Qxc5
Rxc5 34. Nd6 Rc7 35. h4 Nxh4 36. Rxf4 Ng6 37. Rxf7 Rxf7 38. Nxf7 h5 39. Nd6 {
(=)} 39... Bc6 40. Bd3 h4 41. Nf5 Nf4 42. Bc2 h3 43. Ng3 h2 44. b4 Nh5 45. Nh1
Nf6 46. Nf2 Bxe4 0-1

[Event "4e open Saint Chély d'Aubrac"]
[Site "Saint Chély d'Aubrac"]
[Date "2004.07.21"]
[Round "6.10"]
[White "Duffau, Pascal"]
[Black "Prie, Eric"]
[Result "0-1"]
[WhiteElo "2081"]
[BlackElo "2441"]
[PlyCount "54"]

1. Nf3 d5 2. c4 c6 3. e3 Nf6 4. Nc3 a6 5. d4 b5 6. cxd5 cxd5 7. Bd3 e6 8. O-O
Nbd7 9. Qe2 Bb7 10. b3 Rc8 11. Bb2 Bd6 12. Rac1 O-O 13. a4 b4 14. Nb1 Qa5 15.
Nbd2 Ne4 16. Ne5 Bxe5 17. dxe5 Nc3 18. Qh5 g6 19. Qg5 Nc5 20. Bc2 Ne2+ 21. Kh1
Nxc1 22. Rxc1 Ne4 23. Bxe4 Rxc1+ 24. Bxc1 dxe4 25. Bb2 Qd8 26. Qxd8 Rxd8 27.
Bd4 Rc8 0-1

[Event "4e open Saint Chély d'Aubrac"]
[Site "Saint Chély d'Aubrac"]
[Date "2004.07.21"]
[Round "6.11"]
[White "Giraud, Sylvain"]
[Black "Santo-Roman, Marc"]
[Result "0-1"]
[WhiteElo "1850"]
[BlackElo "2403"]
[PlyCount "52"]

1. e4 c5 2. Nf3 e6 3. d4 cxd4 4. Nxd4 Qb6 5. Nb3 Qc7 6. Bd3 Nf6 7. O-O a6 8. a4
Nc6 9. Nc3 d6 10. Be3 Be7 11. a5 Nd7 12. f4 O-O 13. Kh1 Nc5 14. Bxc5 dxc5 15.
e5 c4 16. Bxc4 Nxe5 17. fxe5 Qxc4 18. Ra4 Qc7 19. Qh5 Bd7 20. Rg4 f5 21. exf6
Bxf6 22. Ne4 Bxb2 23. Rd1 Qxc2 24. Rh4 h6 25. Nbc5 Rf5 26. Qg4 Rf4 0-1

[Event "4e open Saint Chély d'Aubrac"]
[Site "Saint Chély d'Aubrac"]
[Date "2004.07.21"]
[Round "6.12"]
[White "Crut, Aurelien"]
[Black "Lagunes, Jean-Renaud"]
[Result "0-1"]
[WhiteElo "2355"]
[BlackElo "2117"]
[PlyCount "62"]

1. e4 d5 2. exd5 Qxd5 3. Nc3 Qa5 4. d4 Nf6 5. Nf3 Bf5 6. Bc4 e6 7. Bd2 c6 8.
Nd5 Qd8 9. Nxf6+ Qxf6 10. Qe2 Bg4 11. O-O-O Bxf3 12. gxf3 Nd7 13. d5 cxd5 14.
Bxd5 O-O-O 15. Be4 Qe5 16. Bc3 Qc7 17. Qb5 f5 18. Ba5 b6 19. Bc6 bxa5 20. Qa6+
Kb8 21. Rd3 Nc5 22. Qb5+ Kc8 23. Rxd8+ Qxd8 24. Rd1 Qc7 25. Rd4 a6 26. Bb7+
Nxb7 27. Qxa6 Bd6 28. Rc4 Bc5 29. a3 Kd7 30. Rc3 Qb6 31. Rd3+ Nd6 0-1

[Event "4e open Saint Chély d'Aubrac"]
[Site "Saint Chély d'Aubrac"]
[Date "2004.07.21"]
[Round "6.13"]
[White "Riff, Sebastien"]
[Black "Labarthe, Arnaud"]
[Result "1-0"]
[WhiteElo "2196"]
[BlackElo "2028"]
[PlyCount "55"]

1. e4 d5 2. exd5 Nf6 3. Bb5+ Bd7 4. Be2 Nxd5 5. d4 Bf5 6. a3 e6 7. c4 Nb6 8.
Nc3 Be7 9. Be3 Nc6 10. Nf3 Bf6 11. h3 h6 12. b4 O-O 13. O-O Qe7 14. Qb3 e5 15.
dxe5 Nxe5 16. Bc5 Nxf3+ 17. Bxf3 Qe5 18. Rac1 Bd3 19. Rfe1 Qf4 20. Nd5 Bxc4 21.
Nxf4 Bxb3 22. Bxf8 Rxf8 23. Rxc7 Bg5 24. Nd3 Rd8 25. Nc5 Bd2 26. Ree7 Bd5 27.
Bxd5 Nxd5 28. Rcd7 1-0

[Event "4e open Saint Chély d'Aubrac"]
[Site "Saint Chély d'Aubrac"]
[Date "2004.07.21"]
[Round "6.14"]
[White "Pucher, Sebastien"]
[Black "Corke, Anya"]
[Result "1-0"]
[WhiteElo "2135"]
[BlackElo "2042"]
[PlyCount "111"]

1. e4 c5 2. Nf3 Nc6 3. d4 cxd4 4. Nxd4 Qc7 5. Nc3 e6 6. g3 a6 7. Bg2 Nf6 8. O-O
Be7 9. Nde2 O-O 10. h3 b5 11. a3 Bb7 12. g4 d6 13. f4 Nd7 14. g5 Kh8 15. Ng3
Rad8 16. Qg4 Nd4 17. Rf2 f5 18. Qd1 d5 19. exd5 Bc5 20. Be3 e5 21. fxe5 Qxe5
22. Bf4 Qe8 23. Kh2 Ne5 24. Rd2 Nc4 25. Rxd4 Nxb2 26. Qd2 Nc4 27. Rxc4 bxc4 28.
Rb1 Rf7 29. Bf1 Bxa3 30. Bxc4 Rc8 31. Bd3 Rd8 32. Bf1 Qf8 33. Bg2 Bb4 34. Nge2
a5 35. Qd3 Qc5 36. Na4 Qf2 37. Rf1 Qa7 38. c4 Ba6 39. Rc1 Qd7 40. Nb2 a4 41.
Qc2 a3 42. Nd3 Bd6 43. Ne5 Bxe5 44. Bxe5 Re8 45. Bf4 Rfe7 46. Nd4 Re1 47. Rxe1
Rxe1 48. c5 Bf1 49. c6 Qe8 50. d6 Bxg2 51. Qxg2 Qg8 52. d7 a2 53. Nc2 a1=Q 54.
Nxa1 Rxa1 55. c7 Ra2 56. c8=Q 1-0

[Event "4e open Saint Chély d'Aubrac"]
[Site "Saint Chély d'Aubrac"]
[Date "2004.07.21"]
[Round "6.15"]
[White "Rabier, Jean"]
[Black "Rabineau, Clement"]
[Result "0-1"]
[WhiteElo "1870"]
[BlackElo "2135"]
[PlyCount "68"]

1. e4 c5 2. Nf3 e6 3. Nc3 a6 4. d4 cxd4 5. Nxd4 d6 6. Be3 Nf6 7. f3 b5 8. Bd3
Be7 9. Qd2 Qc7 10. O-O O-O 11. Qf2 Bb7 12. g4 Nfd7 13. Nce2 Ne5 14. Rac1 Nbd7
15. Nb3 d5 16. exd5 Bxd5 17. Nd2 Qb7 18. Be4 Bxe4 19. Nxe4 Nxg4 20. fxg4 Qxe4
21. Qg3 Nf6 22. Rf4 Qe5 23. Qf3 Nd5 24. Bd4 Qc7 25. Re4 Bg5 26. Be5 Qc5+ 27.
Bd4 Qc6 28. Rf1 Qxc2 29. Ng3 Bf6 30. Bxf6 Nxf6 31. Re2 Qc5+ 32. Ref2 Rad8 33.
h4 Qd5 34. Qe2 Qd3 0-1

[Event "4e open Saint Chély d'Aubrac"]
[Site "Saint Chély d'Aubrac"]
[Date "2004.07.21"]
[Round "6.16"]
[White "Deiller, Pascal"]
[Black "Nass, Emile"]
[Result "1/2-1/2"]
[WhiteElo "2123"]
[BlackElo "2008"]
[PlyCount "66"]

1. c4 Nf6 2. Nc3 e5 3. g3 g6 4. Bg2 Bg7 5. d3 O-O 6. e3 d6 7. Nge2 Nc6 8. Rb1
Be6 9. Nd5 Qd7 10. Nec3 Bh3 11. Nxf6+ Bxf6 12. Nd5 Bd8 13. O-O Bxg2 14. Kxg2 f5
15. b4 Ne7 16. Nc3 c6 17. Qb3 f4 18. exf4 exf4 19. f3 fxg3 20. hxg3 Nf5 21. Ne4
d5 22. cxd5 Qxd5 23. Qxd5+ cxd5 24. Nc5 b6 25. Ne6 Re8 26. Nxd8 Raxd8 27. Kh3
Rc8 28. g4 Ne3 29. Re1 Nc2 30. Rxe8+ Rxe8 31. Bd2 Re2 32. Bh6 Re1 33. Rb2 Nd4
1/2-1/2

[Event "4e open Saint Chély d'Aubrac"]
[Site "Saint Chély d'Aubrac"]
[Date "2004.07.21"]
[Round "6.17"]
[White "Larand, Manuel"]
[Black "Todorov, Ognjan"]
[Result "0-1"]
[WhiteElo "2060"]
[BlackElo "2349"]
[PlyCount "64"]

1. c4 e5 2. Nc3 Bb4 3. Nd5 Be7 4. d4 d6 5. e4 c6 6. Nxe7 Qxe7 7. d5 Nf6 8. Bd3
Na6 9. Ne2 Nc5 10. Nc3 h6 11. Bc2 O-O 12. b4 Na6 13. Ba3 cxd5 14. exd5 b6 15.
O-O Ne8 16. Qh5 f5 17. Rae1 {(=)} 17... Bd7 18. f4 e4 19. Bb3 Kh7 20. h3 Nf6
21. Qh4 Rfe8 22. g4 fxg4 23. hxg4 Nxg4 24. Qxe7 Rxe7 25. Nxe4 Rae8 26. Bc2 Kh8
27. f5 Re5 28. Bd3 Bxf5 29. Nxd6 Bxd3 30. Nf7+ Kg8 31. Nxe5 Bxf1 32. Kxf1 Rxe5
0-1

[Event "4e open Saint Chély d'Aubrac"]
[Site "Saint Chély d'Aubrac"]
[Date "2004.07.21"]
[Round "6.18"]
[White "Coste, Thierry"]
[Black "Lombart, Philippe"]
[Result "1-0"]
[WhiteElo "2149"]
[BlackElo "2043"]
[PlyCount "47"]

1. e4 e5 2. Nf3 Nc6 3. Bc4 Nf6 4. Ng5 d5 5. exd5 Na5 6. Bb5+ c6 7. dxc6 bxc6 8.
Qf3 Rb8 9. Bd3 h6 10. Ne4 Be7 11. O-O O-O 12. Re1 Kh8 13. Nxf6 Bxf6 14. Nc3 g6
15. b3 Be6 16. Ba3 Re8 17. Ne4 Bg7 18. Nd6 f5 19. Nxe8 Qxe8 20. Bb2 e4 21.
Bxg7+ Kxg7 22. Bxe4 fxe4 23. Qxe4 Kf7 24. Qf4+ 1-0

[Event "4e open Saint Chély d'Aubrac"]
[Site "Saint Chély d'Aubrac"]
[Date "2004.07.21"]
[Round "6.19"]
[White "Birens, Eric-Andre"]
[Black "Baeumlin, Francois"]
[Result "1-0"]
[WhiteElo "2105"]
[BlackElo "2010"]
[PlyCount "44"]

1. d4 Nf6 2. c4 e6 3. Nc3 Bb4 4. a3 Bxc3+ 5. bxc3 b6 6. e3 Nc6 7. Bd3 Ba6 8. f3
Na5 9. Qe2 d6 10. Nh3 O-O 11. O-O Qd7 12. Rb1 c5 13. e4 e5 14. Bg5 Qa4 15. Bxf6
gxf6 16. f4 Bxc4 17. fxe5 fxe5 18. Rf6 Bxd3 19. Qxd3 exd4 20. Ng5 Kg7 21. Rbf1
Qd7 22. cxd4 Qg4 {Suite illisible !!} 1-0

[Event "4e open Saint Chély d'Aubrac"]
[Site "Saint Chély d'Aubrac"]
[Date "2004.07.21"]
[Round "6.20"]
[White "Desboeufs, Alexandre"]
[Black "Capron, Daniel"]
[Result "1/2-1/2"]
[WhiteElo "2010"]
[BlackElo "2105"]
[PlyCount "43"]

1. e4 d6 2. d4 Nf6 3. Nc3 Nbd7 4. f4 e5 5. Nf3 c6 6. dxe5 dxe5 7. fxe5 Ng4 8.
e6 fxe6 9. Ng5 Nde5 10. Qxd8+ Kxd8 11. h3 Nh6 12. Bf4 Ng6 13. O-O-O+ Ke8 14.
Be3 Be7 15. Nf3 Nf7 16. g4 Nge5 17. Nxe5 Nxe5 18. Bf4 Nf7 19. e5 Bg5 20. Bxg5
Nxg5 21. Bg2 Ke7 22. Na4 {(=)} 1/2-1/2

[Event "4e open Saint Chély d'Aubrac"]
[Site "Saint Chély d'Aubrac"]
[Date "2004.07.21"]
[Round "6.21"]
[White "Chokbengboun, Thomas"]
[Black "Tanguy, Fabien"]
[Result "0-1"]
[WhiteElo "1900"]
[BlackElo "2094"]
[PlyCount "82"]

1. c4 e5 2. Nc3 Bb4 3. g3 Bxc3 4. dxc3 d6 5. Bg2 f5 6. e4 Nc6 7. Ne2 Nf6 8. O-O
Nxe4 9. Bxe4 fxe4 10. Qd5 Qf6 11. Qxe4 O-O 12. f3 Bf5 13. Qd5+ Be6 14. Qd3 Ne7
15. Be3 Rad8 16. Rad1 d5 17. c5 c6 18. Qd2 h6 19. f4 Bh3 20. Rf2 e4 21. Kh1 Bg4
22. Re1 Bf3+ 23. Kg1 Nf5 24. Nd4 Nxd4 25. cxd4 Qg6 26. Rb1 b6 27. b4 b5 28. Qc2
Qg4 29. Kf1 Rf5 30. Ke1 Rh5 31. Kd2 Rh3 32. Kc3 h5 33. Qd2 Ra8 34. Kb2 Qc8 35.
Kc1 Qa6 36. Qc2 h4 37. gxh4 Qa3+ 38. Kd2 Bd1 39. Rb3 Qxb3 40. Qxb3 Bxb3 41.
axb3 a5 0-1

[Event "4e open Saint Chély d'Aubrac"]
[Site "Saint Chély d'Aubrac"]
[Date "2004.07.21"]
[Round "6.22"]
[White "De Lagontrie, Jean"]
[Black "Laine, Patrice"]
[Result "1-0"]
[WhiteElo "1968"]
[BlackElo "2070"]
[PlyCount "23"]

1. d4 d5 2. c4 e6 3. Nc3 Nf6 4. cxd5 exd5 5. Bg5 Be7 6. Qc2 O-O 7. e3 Re8 8.
Bd3 Nbd7 9. Nf3 c6 10. O-O h6 11. Bf4 Nh5 12. Nxd5 1-0

[Event "4e open Saint Chély d'Aubrac"]
[Site "Saint Chély d'Aubrac"]
[Date "2004.07.21"]
[Round "6.23"]
[White "Strohmann, Matthieu"]
[Black "Mathis, Julien"]
[Result "1-0"]
[WhiteElo "2000"]
[BlackElo "1780"]
[PlyCount "37"]

1. e4 c5 2. Nf3 d6 3. d4 cxd4 4. Nxd4 Nf6 5. Nc3 e6 6. Bg5 h6 7. Be3 a6 8. Be2
Be7 9. f4 Qc7 10. O-O Nc6 11. Qe1 Nxd4 12. Bxd4 e5 13. Be3 exf4 14. Rxf4 O-O
15. Bd4 Be6 16. Qg3 Kh8 17. Raf1 b5 18. Rxf6 gxf6 19. Rxf6 1-0